The Weeknd: Echoes of Silence Trivia - Statistics

General Stats
  • This quiz has been taken 42 times
  • The average score is 8 of 10
Answer Stats
Hint Answer % Correct
Song which D.D. is a cover of Dirty Diana
97%
Number of tracks (base album) Nine
97%
Most streamed song on album D.D.
94%
"You just want me cuz I'm ___" Next
86%
3rd song on album Outside
83%
Longest song on album XO/The Host
83%
Final song on album (base album) Echoes of Silence
80%
"I ain't scared of ___ ___" The Fall
77%
Trilogy's bonus track Til Dawn (Here Comes the Sun)
71%
"You could have been that ___ ___ if we just stayed on." Lonely Star
51%
No matching quizzes found
Score Distribution
Percent of People with Each Score
Percentile by Number Answered
Your Score History
You have not taken this quiz